[Event "Regionalliga SO 1516"]
[Site "Bayern"]
[Date "2016.03.13"]
[Round "8.5"]
[White "Werndl, Erich"]
[Black "Bergerhoff, Andreas"]
[Result "1-0"]
[WhiteElo "2141"]
[BlackElo "1910"]
[PlyCount "31"]
[EventDate "2015.10.11"]
[EventType "team-tourn"]
[EventRounds "9"]
[EventCountry "GER"]
[SourceTitle "EXT 2018"]
[Source "ChessBase"]
[SourceDate "2017.10.13"]
[SourceVersion "1"]
[SourceVersionDate "2017.10.13"]
[SourceQuality "1"]
[WhiteTeam "Waldkraiburg"]
[BlackTeam "Bruckmuehl"]
[WhiteTeamCountry "GER"]
[BlackTeamCountry "GER"]

1. e4 c5 2. Nf3 Nc6 3. Nc3 e5 4. Bc4 g6 5. 0-0 Bg7 6. d3 h6 7. Be3 d6 8. Ne1 Nf6 9. h3 0-0 10. f4 exf4 11. Bxf4 Nh5 12. Bh2 Bd4+ 13. Kh1 Qh4 14. Nf3 Ng3+ 15. Bxg3 Qxg3 16. Ne2 1-0

[Event "Oberwart op"]
[Site "Oberwart"]
[Date "2002.07.06"]
[Round "2"]
[White "Kuba, Guenter"]
[Black "Werndl, Erich"]
[Result "1/2-1/2"]
[WhiteElo "2346"]
[BlackElo "2150"]
[PlyCount "48"]
[EventDate "2002.07.05"]
[EventType "swiss"]
[EventRounds "9"]
[EventCountry "AUT"]
[SourceTitle "CBM 089 Extra"]
[Source "ChessBase"]
[SourceDate "2002.09.10"]
[SourceVersion "2"]
[SourceVersionDate "2002.09.10"]
[SourceQuality "1"]

1. e4 e5 2. Bc4 Nf6 3. d3 Bc5 4. Nf3 Nc6 5. c3 d6 6. b4 Bb6 7. h3 h6 8. Bb3 a6 9. Nbd2 d5 10. Qe2 0-0 11. Nf1 dxe4 12. dxe4 Nh5 13. g3 Qf6 14. Be3 Be6 15. Bxb6 cxb6 16. Ne3 Rad8 17. Nd5 Bxd5 18. Bxd5 Qe7 19. 0-0 Nf6 20. Rad1 b5 21. Bb3 Qc7 22. a3 Ne7 23. Qe3 Ng6 24. Kg2 Qc6 1/2-1/2

[Event "Oberwart op"]
[Site "Oberwart"]
[Date "2000.??.??"]
[Round "6"]
[White "Werndl, Erich"]
[Black "Moser, Eva"]
[Result "0-1"]
[WhiteElo "2165"]
[BlackElo "2272"]
[PlyCount "82"]
[EventDate "2000.??.??"]
[EventType "swiss"]
[EventRounds "9"]
[EventCountry "AUT"]
[SourceTitle "EXT 2001"]
[Source "ChessBase"]
[SourceDate "2000.11.22"]
[SourceVersion "1"]
[SourceVersionDate "2000.11.22"]
[SourceQuality "1"]

1. e4 b6 2. d4 Bb7 3. Nc3 e6 4. Bd3 Nf6 5. Nf3 Bb4 6. Qe2 d5 7. e5 Ne4 8. 0-0 Nxc3 9. bxc3 Bxc3 10. Rb1 Nc6 11. Be3 Qd7 12. Rb3 Ba5 13. c4 Nb4 14. c5 Nxd3 15. Qxd3 Qc8 16. Rc1 Ba6 17. Qd1 Qd7 18. Bd2 Qa4 19. Bxa5 Qxa5 20. Ng5 h6 21. Nxf7 Kxf7 22. Qh5+ Ke7 23. Qg6 Rhf8 24. cxb6 Bc4 25. Qxg7+ Rf7 26. Qxh6 axb6 27. Rg3 Qxa2 28. Rg7 Qxf2+ 29. Kh1 Raf8 30. Ra1 Rxg7 31. Qxg7+ Rf7 32. Qg5+ Kd7 33. h3 b5 34. Qg8 Rf8 35. Qh7+ Qf7 36. Qc2 Rg8 37. Ra7 Qf1+ 38. Kh2 Qf4+ 39. Kh1 Qe4 40. Qf2 Qb1+ 41. Kh2 Qg6 0-1

[Event "Oberwart op"]
[Site "Oberwart"]
[Date "1998.08.02"]
[Round "9"]
[White "Werndl, Erich"]
[Black "Szieberth, Adam"]
[Result "1/2-1/2"]
[WhiteElo "2105"]
[BlackElo "2330"]
[PlyCount "37"]
[EventDate "1998.07.25"]
[EventType "swiss"]
[EventRounds "9"]
[EventCountry "AUT"]
[SourceTitle "CBM 065 Extra"]
[Source "ChessBase"]
[SourceDate "1998.09.09"]
[SourceVersion "1"]
[SourceVersionDate "1998.09.09"]
[SourceQuality "1"]

1. e4 c5 2. Nf3 e6 3. d4 cxd4 4. Nxd4 a6 5. Be2 Nf6 6. Nc3 Qc7 7. 0-0 Bb4 8. Qd3 Nc6 9. Kh1 b5 10. f4 Nxd4 11. Qxd4 Bc5 12. Qd3 h5 13. e5 Ng4 14. Ne4 Bb7 15. Bf3 Bxe4 16. Qxe4 Rc8 17. Qe2 Nh6 18. Be4 g6 19. Be3 1/2-1/2

[Event "Oberwart op"]
[Site "Oberwart"]
[Date "1998.07.30"]
[Round "6"]
[White "Kleissl, Helmut"]
[Black "Werndl, Erich"]
[Result "0-1"]
[WhiteElo "2300"]
[BlackElo "2105"]
[PlyCount "38"]
[EventDate "1998.07.25"]
[EventType "swiss"]
[EventRounds "9"]
[EventCountry "AUT"]
[SourceTitle "CBM 065 Extra"]
[Source "ChessBase"]
[SourceDate "1998.09.09"]
[SourceVersion "1"]
[SourceVersionDate "1998.09.09"]
[SourceQuality "1"]

1. c4 Nf6 2. Nc3 g6 3. e4 d6 4. d4 Bg7 5. Nf3 0-0 6. Be2 e5 7. dxe5 dxe5 8. Qxd8 Rxd8 9. Bg5 c6 10. Nxe5 Re8 11. 0-0-0 Nxe4 12. Nxe4 Bxe5 13. Bf3 Bf5 14. Nd6 Bxd6 15. Rxd6 Nd7 16. h3 Nc5 17. Rd4 Ne6 18. Be3 Nxd4 19. Bxd4 Be4 0-1

[Event "Oberwart op"]
[Site "Oberwart"]
[Date "1995.??.??"]
[Round "3"]
[White "Werndl, Erich"]
[Black "Loginov, Valery A"]
[Result "0-1"]
[WhiteElo "2115"]
[BlackElo "2550"]
[PlyCount "98"]
[EventDate "1995.07.??"]
[EventType "swiss"]
[EventRounds "9"]
[EventCountry "AUT"]
[SourceTitle "EXT 2001"]
[Source "ChessBase"]
[SourceDate "2000.11.22"]
[SourceVersion "1"]
[SourceVersionDate "2000.11.22"]
[SourceQuality "1"]

1. e4 c5 2. Nf3 d6 3. d4 cxd4 4. Nxd4 Nf6 5. Nc3 a6 6. Bg5 e6 7. Qf3 h6 8. Be3 e5 9. Nb3 Be6 10. h3 Nbd7 11. 0-0-0 Rc8 12. g4 b5 13. Nd5 Bxd5 14. exd5 Qc7 15. Bd3 a5 16. h4 a4 17. Nd2 a3 18. b3 Qc3 19. Ne4 Nxe4 20. Qxe4 Rb8 21. g5 Be7 22. gxh6 gxh6 23. Qf5 Bd8 24. Rdg1 Nf6 25. Be4 h5 26. Rg7 Rb7 27. Rhg1 Ng4 28. R7xg4 hxg4 29. Qxg4 Bb6 30. Bxb6 Rxb6 31. h5 Rb7 32. Bd3 Kd8 33. Qg5+ Kc8 34. Rf1 e4 35. Qf5+ Kb8 36. Qxe4 Rxh5 37. Qe8+ Ka7 38. Qc6 Qxc6 39. dxc6 Rc7 40. Be4 d5 41. Bf3 Rg5 42. Rd1 Rxc6 43. Bxd5 Rf6 44. f3 Rd6 45. Bxf7 Rxd1+ 46. Kxd1 b4 47. Kd2 Rf5 48. Bg6 Rxf3 49. Bd3 Kb6 0-1